书目信息 |
| 题名: |
Visual Basic.NET从入门到精通
|
|
| 作者: | 佩特罗索斯 著 | |
| 分册: | ||
| 出版信息: | 北京 电子工业出版社 2002.07 |
|
| 页数: | 927页 | |
| 开本: | 26cm | |
| 丛书名: | ||
| 单 册: | ||
| 中图分类: | TP312 | |
| 科图分类: | ||
| 主题词: | 软件 | |
| 电子资源: | ||
| ISBN: | 7-5053-7708-6 | |
| 000 | 00596nam0 2200193 45 | |
| 001 | 0434928935 | |
| 005 | 2004091609420832 | |
| 010 | @a7-5053-7708-6@dCNY 88.00 | |
| 100 | @a20040916d2002 km y0chiy0120 ea | |
| 101 | 0 | @achi |
| 102 | @aCN@b110000 | |
| 200 | 1 | @aVisual Basic.NET从入门到精通@AVisual Basic.NET Cong Ru Men Dao Jing Tong@f(美)佩特罗索斯著@F(Mei)Pei Te Luo Suo Si Zhu |
| 210 | @a北京@c电子工业出版社@d2002.07 | |
| 215 | @a927页@d26cm | |
| 606 | 0 | @a软件 |
| 690 | @aTP312@v3 | |
| 701 | 0 | @a佩特罗索斯@APei Te Luo Suo Si@4著 |
| 801 | 0 | @aCN@bPFT@c20040916 |
| 905 | @a安徽大学@dTP312@eP428 | |
| Visual Basic.NET从入门到精通/(美)佩特罗索斯著.-北京:电子工业出版社,2002.07 |
| 927页;26cm |
| ISBN 7-5053-7708-6:CNY 88.00 |
| ● |
| 相关链接 |
|
|
|
正题名:Visual Basic.NET从入门到精通
索取号:TP312/P428
 
预约/预借
| 序号 | 登录号 | 条形码 | 馆藏地/架位号 | 状态 | 备注 |
| 1 | 393996 | 203939961 | 期刊室512/301自科库 75排2列3层/ [索取号:TP312/P428] | 在馆 | |
| 2 | 393997 | 203939970 | 期刊室512/301自科库 75排2列3层/ [索取号:TP312/P428] | 在馆 |